[Event "EU-chT (Men) 12th"]
[Site "Batumi"]
[Date "1999.12.06"]
[Round "8.4"]
[White "Grischuk, Alexander"]
[Black "Grosar, Aljosa"]
[Result "1/2-1/2"]
[WhiteElo "2549"]
[BlackElo "2446"]
[Annotator "Gofshtein,L"]
[PlyCount "95"]
[EventDate "1999.11.06"]
[EventType "team-swiss"]
[EventRounds "9"]
[EventCountry "GEO"]
[SourceTitle "CBM 074"]
[Source "ChessBase"]
[SourceDate "2000.02.01"]
[SourceVersion "1"]
[SourceVersionDate "2000.02.01"]
[SourceQuality "1"]
[WhiteTeam "Russia"]
[BlackTeam "Slovenia"]
[WhiteTeamCountry "RUS"]
[BlackTeamCountry "SLO"]

{[%mdl 4872]} 1. e4 {Hecht:  6/(3)} c5 2. Nf3 d6 3. d4 cxd4 4. Nxd4 Nf6 5. Nc3
Nc6 6. Bg5 e6 7. Qd2 a6 8. O-O-O Nxd4 9. Qxd4 Be7 10. f4 b5 11. Bxf6 gxf6 12.
Be2 {another possibilities are:} (12. f5) (12. Kb1) (12. Bd3 Qc7 (12... Qa5 13.
Kb1 b4 14. Ne2 Qc5 {[%cal Yc5d4]} 15. f5 $14) (12... O-O 13. e5 $1 d5 (13... f5
14. Ne4 $5) 14. Ne4 $16) 13. Qe3 Qc5 (13... Bd7 14. Qh3 b4 15. Ne2 h5 16. f5 e5
17. Ng3 a5 18. Nxh5 Kd8 19. Qg4 Qc5 20. Kb1 a4 21. Qe2 a3 $17 {Zude,A-Epishin,
V/Vienna op (02) ;EXP 53 1996/0-1 (52)}) 14. Qg3 $5 {[%csl Rg7][%cal Yg3g7] +/
= Dokoian, = Kramnik} (14. Qh3 h5 15. Kb1 b4 16. Ne2 a5 17. Rc1 a4 18. Rhd1 (
18. c3 $13) 18... Bd7 19. c3 Rb8 20. Rd2 (20. cxb4 $142 Qxb4 21. Rc2 $13) 20...
Bd8 $15 {Slobodjan,R-Hracek,Z/Nussloch (04)/1996/0-1 (49) /\ Ba5, Ke7}) 14...
b4 (14... Kf8 15. f5 b4 16. Ne2 a5 17. Kb1 a4 18. Rhf1 e5 19. Qf2 Qxf2 20. Rxf2
Bd8 21. Bc4 {[%csl Yd5,Rd6][%cal Yd1d6,Yc4d5] 1-0 Thorhallsson,T-Nielsen,PH/
Gausdal op (05)/1996 (43)}) 15. Ne2 (15. Qg7 Rf8 16. Ne2 Qh5 17. Nd4 Qg6 $11)
15... a5 $132 {Kasparov,G-Kramnik,V/Amsterdam/1996 (17)}) (12. f5 {[%csl Re6]
[%cal Yf5e6]} Qa5 (12... Qc7 {[%cal Yc7c4]} 13. Kb1 (13. fxe6 fxe6 14. Qd2 Qc5
15. Kb1 Bd7 16. Bd3 b4 17. Ne2 a5 18. Nf4 a4 19. Be2 {1/2-1/2 Dolmatov,S-Aseev,
K/Kemerovo1 (07)/1995}) 13... Qc5 {[%cal Yc5d4]} 14. Qd2 Bd7 15. g3 (15. Bd3)
15... b4 16. fxe6 (16. Ne2 e5 $1 $11) 16... fxe6 17. Ne2 a5 (17... e5 $2 18.
Qh6 {/\ Bh3+/-}) 18. Bh3 Rc8 19. Nd4 $14 {Kindermann,S-Piket,Je/Nussloch (08)/
1996 (41)} (19. Nf4 Qe5 20. Rhe1 $13)) (12... Rb8 {/\ Qb6} 13. Kb1 (13. Be2 $5)
13... Qc7 14. Be2 Qc5 15. Qxc5 (15. Qd3) (15. Qd3) 15... dxc5 16. Bh5 $36) 13.
Kb1 b4 14. Ne2 e5 15. Qe3 Bb7 16. Ng3 d5 17. Bd3 O-O-O 18. Qe2 h5 19. exd5 h4
20. Ne4 Rxd5 $11 {Khalifman-Hrachek,Erevan 96}) (12. e5 d5 $5 (12... dxe5 $6
13. Qe4 Bd7 14. Rxd7 (14. fxe5 fxe5 15. Qxe5 Bf6 16. Qe1 $14) 14... Kxd7 15.
Bxb5+ $16) (12... fxe5 $6 13. fxe5 d5 {><f7} (13... dxe5 14. Qxe5 Bg5+ 15. Kb1
Qf6 16. Qd6 e5 17. Nxb5 $18)) 13. Kb1 Rg8 (13... f5 $6 14. g4 $1 fxg4 15. f5
$36) (13... Bb7 14. Bd3 $5 Rc8 (14... b4 15. exf6 Bxf6 16. Qxb4 $18) (14... f5
15. g4 fxg4 16. f5 $18) 15. f5 fxe5 16. Qxe5 Bf6 17. Qe1 $16) 14. Ne2 (14. g3
Bb7 15. Bh3 Rc8 16. f5 fxe5 17. Qxe5 Bf6 $17 {Mainka,R-Gurevich,D/Bad Zwesten
op (04) 1997 (37)}) 14... Bb7 15. Ng3 fxe5 16. fxe5 Qc7 17. Re1 O-O-O 18. Bd3
h5 $11 {Peng,Xiaomin-Gurevich,D/Groningen op (07) 1996 (42)}) (12. Kb1 Qc7 13.
Qe3 Qc5 {[%cal Yc5e3] 1/2-1/2 Ivanov,AV-Gulko,B/USA-ch (02) 1996}) 12... Qc7 (
12... h5 $5) (12... Qa5 13. e5 fxe5 14. fxe5 d5 15. Nxd5 $5 $40) 13. f5 {
another possibilities are:} (13. Bf3 Bb7 14. Kb1 (14. f5 h5 15. Kb1 Qc5 16. Qd2
O-O-O 17. a3 Kb8 $11 {Leko,P-Kramnik,V/Rapid Frankfurt GER (04) ;Horror 1996 
(36)}) 14... Qc5 15. Qd2 O-O-O 16. Rhe1 Kb8 $11 {Brodsky,M-Poluljahov,A/MK
Cafe Koszalin/1997}) (13. Bh5 Qc5 14. Qxc5 dxc5 15. f5 {[#]} b4 16. Ne2 e5 17.
Ng3 c4 18. Be2 c3 $132 {Lautier,J-Pelletier,Y/Credit Suisse (02) 1997 (41)})
13... Qc5 {[%cal Yc5d4]} 14. fxe6 (14. Qd3 Ra7 15. Bh5 {1/2-1/2 Hracek,
Z-Epishin,V/Erevan (06) 1996}) 14... fxe6 (14... Qg5+ $5) 15. Qxc5 dxc5 16.
Bh5+ {another contination is 16.Rd3.But as it was shown in forthcoming game,
it doesn't bring white anything good.} (16. Rd3 Ra7 17. Bh5+ Kf8 18. Ne2 Rg8
19. g3 c4 $15 {Fishbein,A-Epishin,V/New York op (05) 1997/1/2-1/2 (70)}) 16...
Kf8 {[#]} 17. e5 {agressive move,after which black should play exactly for
neitralization of white's iniative.} (17. Rhf1 Ra7 18. e5 f5 19. g4 Kg7 (19...
Rd7 $2 20. Rde1 Kg7 21. gxf5 exf5 22. e6 Rd6 23. Rxf5 Rxe6 24. Rf7+ {1-0
Lugovoi,Aleksei-Huzman,Alexander/Beer-Sheva (8) 1998}) 20. Rd3 $6 (20. gxf5
$142 exf5 21. Nd5 Bg5+ 22. Kb1 $11) 20... c4 21. Rh3 Rf8 $15 {Tseitlin,
Ma-Epishin,V/St.Petersburg (07) 1997/1/2-1/2 (65)}) 17... f5 18. g4 Ra7 {
[%cal Ya7d7] '!' Tiviakov. Look dangerous another possibility how show
tournament practice:} (18... b4 19. Na4 (19. Ne2 {'+/=' Tiviakov.} Ra7 (19...
Bg5+ 20. Kb1 Ke7 21. gxf5 exf5 22. Rhg1 Bh6 $132 {Perunovic,Milos-Izoria,Zviad/
Moscow (6) 1998 (48)}) 20. gxf5 exf5 21. Nf4 $16 {Palac-Smirin/EUch-TM Pula/
1997}) 19... Rb8) 19. gxf5 (19. Rhf1 {- 17.Rhf1 Ra7 18.e5 f5 19.g4}) 19... exf5
20. Nd5 Bg5+ $5 (20... Be6 $5) (20... Kg7 $6 21. Nxe7 (21. Rhg1+ Kh6 22. Rd3
Bg5+ {1-0 Van den Doel,E-Epishin,V/Graz 1997/EXT 98 (57)}) 21... Rxe7 22. Rd6
Rf8 (22... Rxe5 $2 23. Rg1+ $18) 23. Rg1+ $36 {1-0 Dolmatov,S-Iskusnyh,S/St.
Petersburg 1998/CBM 67 noVC (30)}) 21. Kb1 Be6 22. Rhg1 Rd7 $1 $146 {Very
important novelty; black sacrifices the pawn and moves the game to the equal
bishops ending ,therefore black's king much better, than white's king} (22...
Rg8 $6 23. Nf4 {Tiviakov's move leads to big advantage of white after:} Bxf4 $6
(23... Bf7 24. Bxf7 Kxf7 (24... Rxf7 $2 25. Ne6+) 25. Rd7+ $1 Rxd7 26. e6+ Kf6
(26... Ke7 27. exd7 Kxd7 28. h4) 27. exd7 Rd8 28. Rxg5 $1 Kxg5 29. Ne6+ $18) (
23... Bc4 $142 $1 $13) 24. Rd8+ Ke7 25. Rdxg8 Bxg8 26. Rg7+ Ke6 27. Rxa7 Kxe5 (
27... Bxh2 28. Rg7 $1) 28. h3 {1/2-1/2 Short,N-Yermolinsky,A/Wijk aan Zee 1997/
CBM 57/[Hecht] (82)} (28. h4 $5 Be3 29. Rg7 Bd5 30. Rxh7 f4 31. Re7+ Kf6 32.
Re8 Bf2 33. Rf8+ Ke5 34. Bg6 Bxh4 35. Rf5+ Ke6 36. Rxf4 {1-0 Delchev,
Aleksander-Nikolac,Juraj/Pula (4) 1998 (41)})) 23. Rxg5 Rxd5 24. Rxf5+ (24.
Rxd5 Bxd5 25. Rxf5+ Ke7 $132) 24... Ke7 25. Rg5 (25. Rxd5 Bxd5 26. Rf6 Rg8 $132
) 25... Rg8 26. Rxg8 Rxd1+ 27. Bxd1 Bxg8 28. Bg4 Be6 29. Bf3 Bf7 30. a4 bxa4
31. Be2 a5 32. Kc1 Bd5 {white could not prevent Ke6,after that draw becomes
obvious.} 33. Bg4 Be6 34. Bf3 Bc4 35. Kd2 Ke6 36. Kc3 Ba2 37. Be2 Bd5 {Black
doesn't get to the trap, and the game comes to the drawing harbour.} (37...
Kxe5 $2 38. Bc4 Bb1 39. Kd2) 38. Bb5 Kxe5 $11 39. Bxa4 h5 40. Bb3 Kd6 41. h4
Bxb3 42. Kxb3 Kc6 43. Ka4 Kb6 44. c4 Ka6 45. Kb3 Kb6 46. Kc3 a4 47. b4 axb3 48.
Kxb3 1/2-1/2

[Event "EU-chT (Men) 12th"]
[Site "Batumi"]
[Date "1999.12.07"]
[Round "9.4"]
[White "Grischuk, Alexander"]
[Black "Markowski, Tomasz"]
[Result "1-0"]
[WhiteElo "2549"]
[BlackElo "2557"]
[Annotator "Alterman,B"]
[PlyCount "57"]
[EventDate "1999.11.06"]
[EventType "team-swiss"]
[EventRounds "9"]
[EventCountry "GEO"]
[SourceTitle "CBM 074"]
[Source "ChessBase"]
[SourceDate "2000.02.01"]
[SourceVersion "1"]
[SourceVersionDate "2000.02.01"]
[SourceQuality "1"]
[WhiteTeam "Russia"]
[BlackTeam "Poland"]
[WhiteTeamCountry "RUS"]
[BlackTeamCountry "POL"]

1. e4 c5 2. Nf3 g6 3. d4 Bg7 4. d5 Nf6 5. Nc3 d6 6. Bc4 (6. Be2 {main line})
6... O-O 7. O-O Bg4 (7... Nbd7 8. h3 a6 9. a4 b6 10. Bf4 Rb8 11. Re1 Nh5 12.
Bh2 b5 13. axb5 axb5 14. Nxb5 Nb6 (14... Bxb2 15. Ra2 Bg7 16. Nxd6 (16. Na7 Bb7
17. Nc6 Bxc6 18. dxc6 Nb6 19. Ra7 Ra8 20. Rxa8 Qxa8 21. Bb5 Qa5 22. c4 $14 {
[%cal Ge4e5]}) 16... exd6 17. Bxd6 Rb4 18. Bxf8 Qxf8 19. Ba6 $14) 15. Bf1 Bxb2
16. Ra2 Bg7 17. c4 $14 {0-1 Terasti Pasi-Miettinen Keijo/Avoin suomenmestaruus
1995 (64)}) (7... Qa5 8. Re1 a6 9. Bd2 Bg4 10. a4 (10. h3 Bxf3 11. Qxf3 b5 12.
Bf1 Nbd7 13. a3 $14) 10... Nbd7 11. h3 Bxf3 12. Qxf3 Ne5 13. Qe2 Nxc4 14. Qxc4
Qb4 15. Qe2 c4 16. Nd1 Qc5 17. a5 $14 {1-0 Teuchert-Kiffmeyer,C/GER-N 1977/Inf
77 (42)}) (7... Na6 8. h3 (8. Re1 Nc7 9. a4 $14 (9. Bf4 Nh5 10. Be3 b5 11. Nxb5
Nxb5 12. Bxb5 Rb8 13. Qd3 (13. Bc4 Rxb2 $11 {0-1 Mendoza,L-De la Riva,O/ESP ch
Lleida ,EXT 1991 (28)}) 13... Bxb2 (13... f5 14. e5 dxe5 15. Qc4 e4 16. Ng5 $14
) 14. Rab1 Bg7 15. Bc6 $14)) (8. Qe2 Nc7 9. Re1 Bg4 10. h3 Bxf3 11. Qxf3 Nd7
12. a4 b6 13. Bf1 a6 14. b3 Rb8 15. Bb2 e6 16. Rad1 exd5 17. exd5 b5 18. Ba1
Re8 (18... bxa4 19. Nxa4 Bxa1 20. Rxa1 Qf6 21. Qxf6 Nxf6 22. Nb2 Nfxd5 23. Bxa6
$11) 19. Ne4 Bxa1 20. Rxa1 f5 21. Nc3 Ne5 $15 {1-0 Bus,M-Bojczuk,Z/Bielsko
Biala ,EXT 1990 (43)}) 8... Nc7 9. Re1 (9. a4 a6 10. Bf4 b6 (10... Nd7 11. Re1
Rb8 12. a5 b5 13. axb6 Rxb6 14. Na4 Rb4 15. Qd3 (15. Bf1 f5 $132 {[%csl Rf4]})
15... Nb6 16. Nxb6 Rxb6 17. Ra2 Bd7 18. e5 Bb5 19. Nd2 $14 {0-1 Hachian,
M-Situru,N/Yerevan olm 1996/EXT 96ch2 (42)}) 11. Re1 Bb7 12. Qd3 $14 {1-0
Izeta,F-Sanchez Guirado,F/ch-ESP, Torrevieja 1997 (64)}) (9. Qd3 a6 10. a4 e5
11. dxe6 Bxe6 12. Bxe6 Nxe6 13. Rd1 $132 {1/2-1/2 Izeta,F-Ponomariov,R/Batumi
GEO 1999 (110)}) 9... e5 10. dxe6 Bxe6 11. Bxe6 Nxe6 12. Qd3 (12. a4 Re8 13.
Be3 Qb6 14. Qd3 a6 15. a5 Qc6 16. Qc4 b5 17. axb6 Qxb6 $14 {1/2-1/2 Izeta,
F-Dumont,S/Rio de Janeiro BRA 1999 (44)}) 12... Qd7 13. Be3 Rad8 14. Rad1 a6
15. b3 Rfe8 16. Nd5 Nxd5 17. exd5 Nc7 18. c4 b5 19. Bf4 b4 20. Rxe8+ Rxe8 21.
Re1 $11 {1/2-1/2 Grischuk,A-Malakhov,V/Porto San Giorgio ITA 1999 (35)}) 8. h3
Bxf3 9. Qxf3 Nbd7 10. Qd1 (10. Qe2 Nb6 11. f4 Nfd7 12. a4 Nxc4 13. Qxc4 a6 14.
Bd2 b6 15. Nd1 Qc7 16. Ra3 Qb7 17. Rb3 Rab8 18. Nc3 Bd4+ 19. Kh2 Qa7 20. Qe2
Rbc8 $132 {1-0 Lewandowska,K-Koglin,A/BLW 1994 (66)}) 10... Ne8 (10... Rb8 11.
a4 Ne8 12. Bf4 Nc7 13. Qd2 b6 14. Nb5 Nxb5 15. axb5 Bxb2 16. Rxa7 Ra8 17. Ra6
Bg7 18. c3 Qc7 19. Rfa1 $16 {1-0 Van Dongen,P-Krivokapic,R/Paris ,EXT 1993 (55)
}) 11. Re1 Nc7 12. a4 (12. Bf1 Rb8 13. a4 a6 14. a5 b5 15. axb6 Rxb6 16. Na4
Rb8 17. Ra2 Re8 18. b3 Nb5 19. Qd2 Qc8 20. Bb2 Nd4 21. Kh1 a5 22. Nc3 Qd8 23.
Nd1 e6 24. dxe6 Rxe6 25. Bc4 Re8 26. c3 Nxb3 (26... Nc6 27. Bxf7+ $16 {1/2-1/2
Karklins,A-De Fotis,G/Illinois ,EXT 1989 (31)}) 27. Qc2 (27. Qd5 Re6 28. Bxb3
Nf6 29. Qc4 d5 $17) 27... Qb6 28. Ra3 a4 29. Rxa4 Na5 30. Ba2 $132) 12... f5
13. exf5 Rxf5 14. Ne4 $5 {Is connected to a temporary sacrifice of a pawn} ({
Is more cautious was} 14. Ba2 Nb6 15. g4 Rf7 16. a5 Nd7 17. Ne4 $14) 14... Nb6
{[%csl Rd5]} 15. Bd3 $5 (15. g4 Rf8 16. Qd3 Nxc4 17. Qxc4 Qd7 18. Ra3 $14 (18.
Nxc5 dxc5 19. d6+ Kh8 20. dxc7 Qxc7 21. Be3 b6 $11)) 15... c4 (15... Nbxd5 16.
Ng5 Re5 17. Rxe5 (17. Be4 Nf6 18. Bxb7 Rxe1+ 19. Qxe1 Rb8 20. Ne6 Nxe6 21.
Qxe6+ Kh8 22. Bf3 $14) 17... dxe5 (17... Bxe5 18. Bc4 $18 {[%csl Rd5]}) 18. Bc4
$14 {[%csl Gc1,Gc4,Re5,Re7]}) (15... Ncxd5 16. a5 $16) (15... Rxd5 16. a5 $16)
16. Bf1 (16. a5 $6 cxd3 (16... Nbxd5 17. Bxc4 $14) 17. axb6 Nxd5 (17... axb6
18. Rxa8 Qxa8 19. Qxd3 Qa5 $15) 18. bxa7 (18. Rxa7 dxc2 19. Qxc2 Rb8 $15) 18...
dxc2 19. Qxc2 Bd4 $15) 16... Rxd5 17. Qg4 Ra5 (17... Rf5 18. a5 Nd7 19. Bxc4+
d5 20. Bb3 e6 21. Ng3 (21. Nd6 Ne5 22. Rxe5 (22. Nxb7 Qb8 23. Qg3 Qxb7 24. Bf4
Nf7 25. Bxc7 e5 $17) 22... Rxe5 23. Nxb7 Re1+ 24. Kh2 Qb8 $17) 21... Rf7 22. c3
$14) 18. Ng5 (18. Bd2 Rxa4 19. Rxa4 Nxa4 20. Bxc4+ d5 21. Bb3 Nxb2 22. Nc5 b6 (
22... Bf6 23. Ne6 Nxe6 24. Qxe6+ Kh8 25. Bxd5 Rc8 26. c4 Nd3 27. Rb1 Nc5 28.
Qe3 b6 $15) 23. Ne6 Nxe6 24. Qxe6+ Kh8 25. Bxd5 Rc8 26. Bb3 Rc7 $15) 18... Qc8
$2 $16 (18... c3 $5 19. b3 (19. b4 Rf5 20. Bd3 Rf6) 19... Rf5 20. a5 Nbd5 21.
Bd3 Re5 22. Rxe5 dxe5 (22... Bxe5 23. Bc4 $18) 23. Bc4 $14) 19. Rxe7 Qxg4 20.
hxg4 Rc8 21. Bd2 Rc5 (21... Rd5 22. Ne4 (22. a5 Rxd2 23. axb6 axb6 24. Ne4 Rxc2
(24... Rd4 25. c3 Kf8 26. Rxc7 $18) 25. Nxd6 Bxb2 26. Nxc8 Bxa1 27. Rxc7 Bd4
28. Rxc4 Bxf2+ 29. Kh2 Rxc4 30. Bxc4+ $18) 22... Kf8 (22... Bxb2 23. Rb1 Rxd2 (
23... Be5 24. a5 Rd4 25. axb6 Nd5 26. Rxb7 $18 {[%cal Gf2f3,Gb6a7]}) 24. Nxd2
Bf6 25. Re2 Rb8 26. a5 Na4 27. Ne4 $16) 23. Rxg7 Kxg7 24. Bc3+ Kf8 25. a5 Nd7
26. Bxc4 $16) (21... Rxa4 22. Rxa4 Nxa4 23. Bxc4+ d5 24. Bb3 (24. Rxc7 Rxc7 25.
Bxd5+ Kh8 (25... Kf8 26. Ne6+ $18) 26. Nf7+ Kg8 (26... Rxf7 27. Bxf7 Nxb2 $14)
27. Nd8+ $11) 24... Nc5 (24... Nxb2 25. Bf4 h6 26. Bxc7 hxg5 27. Bxd5+ $18) 25.
Bc3 (25. Ba2 Bxb2 26. Bf4 Bf6 27. Rxc7 Rxc7 28. Bxc7 Bxg5 29. Bxd5+ Kf8 30. f4
$14) 25... Bxc3 26. bxc3 h6 27. Nf7 Kf8 28. Nd6 Kxe7 29. Nxc8+ Kf6 30. Nxa7 $14
) 22. Ne4 Rc6 23. Bc3 Bxc3 24. Nxc3 Re8 $6 (24... Rb8 $142 25. Rd1 (25. Rae1
Nbd5 26. Nxd5 Nxd5 27. R7e4 Rbc8 28. Be2 Nb4 29. Bf3 R6c7 30. R4e2 c3 31. b3 b6
32. Rd1 Rd8 33. Rd4 a5 34. Kf1 $14) 25... Re8 26. Rxe8+ Nxe8 27. a5 Nd7 28. Rd4
Ne5 29. g5 $16) (24... Rf8 $142 25. Nb5 (25. Rd1 Rf7 26. Re3 a5 27. g3 d5 28.
Bg2 Rd6 29. Re5 $16) 25... Nbd5 26. Rd7 c3 27. bxc3 a6 28. Nxc7 Nxc7 29. Rb1 b6
30. Rb4 $16) 25. Rxe8+ Nxe8 26. a5 Nd7 27. Ra4 Ne5 $2 $18 {The right solutions
to accept rather not simplly and black put mistake after mistake.} (27... Kg7
28. Rxc4 $16) 28. g5 d5 (28... Kf8 29. f4 Ng4 30. Bxc4 Ne3 31. Bb5 $18) 29. f4
(29. f4 d4 (29... Ng4 30. Nxd5 $18 {[%csl Rc4]}) 30. Nd5 $18 {[%csl Re5][%cal
Gd5e7]}) 1-0

[Event "RUS-ch KO"]
[Site "Moscow"]
[Date "1999.12.16"]
[Round "1.2"]
[White "Grischuk, Alexander"]
[Black "Solovjov, Sergey"]
[Result "1-0"]
[WhiteElo "2549"]
[BlackElo "2467"]
[Annotator "Schulz,Andre"]
[PlyCount "49"]
[EventDate "1999.12.04"]
[EventType "k.o."]
[EventRounds "6"]
[EventCountry "RUS"]
[SourceTitle "CBM 075"]
[Source "ChessBase"]
[SourceDate "2000.04.05"]
[SourceVersion "1"]
[SourceVersionDate "2000.04.05"]
[SourceQuality "1"]

1. e4 c5 2. Nf3 d6 3. d4 cxd4 4. Nxd4 Nf6 5. Nc3 g6 6. Be3 Bg7 7. f3 O-O 8. Qd2
Nc6 9. O-O-O Bd7 ({Die beiden Hauptvarianten sind} 9... Nxd4) ({und} 9... d5)
10. g4 Ne5 11. h4 Qa5 12. Kb1 Rfc8 13. Be2 Nc4 {führt zu einer bekannten
Stellung, aber mit einem Mehrtempo für Weiß.} 14. Bxc4 Rxc4 15. h5 Rac8 16. Nb3
Qe5 $6 (16... Qc7 $5) 17. Bd4 Rxd4 $2 (17... Qe6 $16) 18. Qxd4 $18 {Hier hat
Schwarz zuwenig für die Qualität.} Qf4 19. h6 Bh8 20. Qxa7 Be6 21. Rhf1 Bc4 22.
Qxb7 Rf8 23. Rfe1 Bxb3 24. axb3 Qxf3 25. g5 (25. g5 Ng4 26. Nd5 $18) 1-0

[Event "RUS-ch KO"]
[Site "Moscow"]
[Date "1999.12.17"]
[Round "2.1"]
[White "Grischuk, Alexander"]
[Black "Lunev, Andrey"]
[Result "1-0"]
[WhiteElo "2549"]
[BlackElo "2467"]
[Annotator "Kortschnoj,V"]
[PlyCount "67"]
[EventDate "1999.12.04"]
[EventType "k.o."]
[EventRounds "6"]
[EventCountry "RUS"]
[SourceTitle "CBM 075"]
[Source "ChessBase"]
[SourceDate "2000.04.05"]
[SourceVersion "1"]
[SourceVersionDate "2000.04.05"]
[SourceQuality "1"]

1. e4 e5 2. f4 exf4 3. Nf3 h6 4. d4 g5 5. g3 fxg3 {5...d6} (5... d6) 6. hxg3
Bg7 7. Nc3 d6 8. Bc4 Nf6 $146 {8...Sc6,8...Lg4} (8... Nc6) (8... Bg4) 9. Qd3 {
A standard move in a position of such kind, intended to meet Be6 with Bxe6
fxe6 e4-e5.} (9. e5 dxe5 10. Nxe5 O-O 11. Qd3 Nc6 12. Qg6 Qe8 {was not
dangerous for black.}) 9... Nc6 10. Be3 Na5 11. O-O-O {The move looks too
solid, but} (11. e5 dxe5 12. Bxf7+ Kxf7 13. Nxe5+ Kg8 {would not promise too
much.}) 11... Nxc4 12. Qxc4 c6 $6 (12... Bg4 $13 {was much stronger.}) 13. d5
$1 {Excellent move.} cxd5 (13... O-O $1 14. dxc6 Be6 {would more respond to a
spirit of the king` gambit!}) 14. Nxd5 Nxd5 15. Qxd5 O-O 16. Bd4 $1 Be6 17.
Qxb7 Qa5 18. Bxg7 Kxg7 19. a3 Rfb8 (19... Rab8 {was a bit more precise, but
black is up to produce a brilliancy...}) 20. Qe7 ({After} 20. Qc6 Rxb2 {
was strong:} 21. Qxa8 Qc3 22. Nd4 Ra2 23. Nxe6+ fxe6 24. Qxa7+ Kg8 25. Qb8+ Kg7
{with a draw. An attempt to play for a win by} 26. Qb1 {would backfire:} Qe3+
27. Rd2 Qxa3+ 28. Kd1 Ra1 $19) 20... Rxb2 {It turns out to be a mistake.} ({
Black should continue} 20... Qb6 21. Rxh6 Qe3+ 22. Nd2 $1 Kxh6 23. Qf6+ Kh5 24.
Rh1+ Kg4 25. Qf1 $1 Rh8 26. Qd1+ Kxg3 27. Re1 Qf4 28. Rf1 Rh3 29. Rxf4 Kxf4 30.
Qf1+ Kg4 {White stands better (+/-), but black is not helpless...}) 21. Rxh6 $1
Rxc2+ ({Only now, perhaps, it dawned upon black, that} 21... Qc3 {prepared by
black with an idea 22.Dxg5+ Kf6 23.Sd4 Tc2 24.Sc2 Tc8 where black had saved
the game would fail due to 22.Rg6+!! with an immediate mate!} 22. Qxg5+ (22.
Rg6+ $3) 22... Kf8 23. Nd4 Rxc2+ 24. Nxc2 Rc8) 22. Kxc2 Rc8+ 23. Kd3 Rc3+ 24.
Ke2 Bc4+ 25. Kf2 Rc2+ ({Or} 25... Rxf3+ 26. Kxf3 Qc3+ 27. Kg4 Be2+ 28. Kh3 $18)
26. Kg1 Qc5+ 27. Kh1 Kxh6 28. Rxd6+ Be6 29. Qf6+ (29. Rxe6+ {is winning as
well.}) 29... Kh5 30. g4+ $1 {Coup de grace!} Kxg4 31. Ne5+ Kh4 32. Qh6+ Kg3
33. Qxg5+ Kf2 34. Nd3+ 1-0

[Event "RUS-ch KO"]
[Site "Moscow"]
[Date "1999.12.22"]
[Round "4.2"]
[White "Grischuk, Alexander"]
[Black "Bezgodov, Alexei"]
[Result "1/2-1/2"]
[WhiteElo "2549"]
[BlackElo "2576"]
[PlyCount "65"]
[EventDate "1999.12.04"]
[EventType "k.o."]
[EventRounds "6"]
[EventCountry "RUS"]
[SourceTitle "CBM 075"]
[Source "ChessBase"]
[SourceDate "2000.04.05"]
[SourceVersion "1"]
[SourceVersionDate "2000.04.05"]
[SourceQuality "1"]

1. e4 e5 2. Nf3 Nc6 3. Bb5 a6 4. Ba4 Nf6 5. O-O Be7 6. Re1 b5 7. Bb3 d6 8. c3
O-O 9. h3 Na5 10. Bc2 c5 11. d4 Bb7 12. d5 Nc4 13. a4 Nb6 14. Qe2 Qd7 15. a5
Nc8 16. b4 c4 17. Nbd2 g6 18. Nf1 Nh5 19. Bh6 Re8 20. Ng3 Nxg3 21. fxg3 Bf8 22.
Qd2 Bxh6 23. Qxh6 f6 24. Rf1 Qg7 25. Qe3 Ne7 26. Qb6 Nc8 27. Qe3 Ne7 28. Rf2
Rad8 29. Raf1 Bc8 30. Nh2 f5 31. Nf3 h6 32. Nh4 f4 33. Qf3 1/2-1/2

[Event "Ubeda op 5th"]
[Site "Ubeda"]
[Date "2000.01.19"]
[Round "1"]
[White "Timon Piote, Silvia"]
[Black "Grischuk, Alexander"]
[Result "0-1"]
[WhiteElo "2255"]
[BlackElo "2549"]
[PlyCount "70"]
[EventDate "2000.01.19"]
[EventType "swiss"]
[EventRounds "10"]
[EventCountry "ESP"]
[SourceTitle "CBM 075"]
[Source "ChessBase"]
[SourceDate "2000.04.05"]
[SourceVersion "1"]
[SourceVersionDate "2000.04.05"]
[SourceQuality "1"]

1. c4 e6 2. Nc3 d5 3. d4 c6 4. Nf3 dxc4 5. e4 b5 6. Be2 Bb7 7. O-O Nf6 8. Qc2
Nbd7 9. Bf4 Be7 10. Rad1 O-O 11. Ne5 Nxe5 12. Bxe5 Qa5 13. Bf3 Rfd8 14. Rfe1
Rd7 15. a4 Rad8 16. axb5 cxb5 17. d5 b4 18. Ra1 Qc5 19. Na4 Qb5 20. Bd4 exd5
21. e5 Ne4 22. Bg4 Rc7 23. Bxa7 d4 24. f3 d3 25. Qd1 Bc5+ 26. Nxc5 Nxc5 27. e6
Nxe6 28. Bxe6 fxe6 29. Rxe6 c3 30. bxc3 bxc3 31. Bb6 c2 32. Qf1 Qd7 33. Bxc7
Qxc7 34. Qe1 Qc5+ 35. Kh1 d2 0-1

[Event "Ubeda op 5th"]
[Site "Ubeda"]
[Date "2000.01.20"]
[Round "2"]
[White "Grischuk, Alexander"]
[Black "Salmensuu, Olli"]
[Result "1-0"]
[WhiteElo "2549"]
[BlackElo "2418"]
[PlyCount "81"]
[EventDate "2000.01.19"]
[EventType "swiss"]
[EventRounds "10"]
[EventCountry "ESP"]
[SourceTitle "CBM 075"]
[Source "ChessBase"]
[SourceDate "2000.04.05"]
[SourceVersion "1"]
[SourceVersionDate "2000.04.05"]
[SourceQuality "1"]

1. e4 c5 2. Nf3 d6 3. d4 cxd4 4. Nxd4 Nf6 5. Nc3 g6 6. Be3 Bg7 7. f3 O-O 8. Qd2
Nc6 9. O-O-O d5 10. exd5 Nxd5 11. Nxc6 bxc6 12. Bd4 e5 13. Bc5 Be6 14. Ne4 Qc7
15. Bxf8 Rxf8 16. Bc4 a5 17. h4 Rb8 18. g4 f5 19. gxf5 gxf5 20. Ng5 e4 21. c3
Qb6 22. Nxe6 Bxc3 23. Qg2+ Kh8 24. Bb3 Qe3+ 25. Kb1 exf3 26. Qc2 a4 27. Rxd5
axb3 28. Qxc3+ Qxc3 29. bxc3 cxd5 30. Rf1 Re8 31. Nd4 bxa2+ 32. Kxa2 Re4 33.
Rxf3 Rxh4 34. Rxf5 h5 35. Rxd5 Rh1 36. c4 h4 37. c5 h3 38. c6 h2 39. Rh5+ Kg8
40. c7 Rc1 41. Nb5 1-0

[Event "Ubeda op 5th"]
[Site "Ubeda"]
[Date "2000.01.22"]
[Round "4"]
[White "Grischuk, Alexander"]
[Black "Zakharov, Alexander"]
[Result "1-0"]
[WhiteElo "2549"]
[BlackElo "2426"]
[PlyCount "71"]
[EventDate "2000.01.19"]
[EventType "swiss"]
[EventRounds "10"]
[EventCountry "ESP"]
[SourceTitle "CBM 075"]
[Source "ChessBase"]
[SourceDate "2000.04.05"]
[SourceVersion "1"]
[SourceVersionDate "2000.04.05"]
[SourceQuality "1"]

1. e4 e5 2. Nf3 Nc6 3. Bb5 a6 4. Ba4 Nf6 5. O-O Be7 6. Re1 b5 7. Bb3 O-O 8. c3
d6 9. h3 Na5 10. Bc2 c5 11. d4 Qc7 12. Nbd2 cxd4 13. cxd4 Bd7 14. Nf1 Rfc8 15.
Ne3 Nc6 16. Bb3 a5 17. dxe5 Nxe5 18. Nd4 a4 19. Nd5 Nxd5 20. Bxd5 Rab8 21. Bf4
Bf6 22. Qh5 g6 23. Qe2 Nc4 24. Rad1 Be5 25. Bh6 Qa7 26. Nf3 Bxb2 27. e5 Re8 28.
Ng5 Rxe5 29. Bxf7+ Kh8 30. Qf3 Rf5 31. Qg3 Bc6 32. Bxc4 bxc4 33. Rxd6 Re8 34.
Rxe8+ Bxe8 35. Re6 Bb5 36. Kh2 $138 1-0